000 00422nam a2200169Ia 4500
008 170705s9999 xx 000 0 und d
020 _a9780545248365
245 4 _aThe biggest apple ever /
245 _cSteven Kroll ; illustrated by Jeni Bassett.
260 _aNew York :
260 _bScholastic,
260 _c2011
300 _aunpaged :
300 _bcolor illustration ;
300 _c20cm.
500 _a590
999 _c335880
_d335880